<?xml version="1.0" encoding="UTF-8"?>
<collection xmlns="http://www.loc.gov/MARC21/slim">
  <record>
    <leader>00000nam  2200000   4500</leader>
    <controlfield tag="001">INLIS000000000020463</controlfield>
    <controlfield tag="005">20250630114622</controlfield>
    <datafield tag="035" ind1="#" ind2="#">
      <subfield code="a">0010-0625000205</subfield>
    </datafield>
    <controlfield tag="007">ta</controlfield>
    <controlfield tag="008">250630################|##########|#|##</controlfield>
    <datafield tag="084" ind1="#" ind2="#">
      <subfield code="a">R 144 PKN II 2023</subfield>
    </datafield>
    <datafield tag="100" ind1=" " ind2="#">
      <subfield code="a">Mochamad Taufik Kurniawan</subfield>
    </datafield>
    <datafield tag="245" ind1="1" ind2="#">
      <subfield code="a">Strategi Mewujudkan Sistem Pembayaran Non Tunai Pengelolaan Anggaran Pada Pusat Pelaporan dan Analisis Transaksi Keuangan /</subfield>
      <subfield code="c">Mochamad Taufik Kurniawan</subfield>
    </datafield>
    <datafield tag="260" ind1="#" ind2="#">
      <subfield code="a">Jakarta :</subfield>
      <subfield code="b">Pusbangkom Pimnas dan Manajerial ASN,</subfield>
      <subfield code="c">2023</subfield>
    </datafield>
    <datafield tag="300" ind1="#" ind2="#">
      <subfield code="a">45 hlm. ;</subfield>
      <subfield code="c">30 cm</subfield>
    </datafield>
    <datafield tag="650" ind1="#" ind2="4">
      <subfield code="a">Sistem Pembayaran Non Tunai</subfield>
    </datafield>
    <datafield tag="650" ind1="#" ind2="4">
      <subfield code="a">Transaksi Keuangan</subfield>
    </datafield>
    <datafield tag="520" ind1="#" ind2="#">
      <subfield code="a">Inovasi proyek perubahan ini akan membawa perubahan yang diharapkan yaitu penggunaan layanan teknologi komputasi yang terintegrasi dan terpadu pada mekanisme pembayaran/ pertanggungjawaban anggaran, pemanfaatan rekam jejak digital dalam pertanggungjawaban pengeluaran anggaran, sistem monitoring dengan fitur-fitur yang dapat memonitor setiap tahapan aktivitas pembayaran/pertanggungjawaban anggaran, dan adanya regulasi yang mewajibkan penggunaan transaksi non tunai untuk setiap pengeluaran anggaran yang dikelola oleh bendahara pengeluaran.</subfield>
    </datafield>
    <datafield tag="990" ind1="#" ind2="#">
      <subfield code="a">2407144</subfield>
    </datafield>
  </record>
</collection>
